=LDR 00000nam 2200000 4500 =001 INLIS000000000033191 =005 20130612135148 =008 ***********************************ind** =035 ##$$a0010-061300000033191 =041 ##$$a ind =082 ##$$a 92(Zidane) =090 ##$$a 92(Zidane), Rus z =100 ##$$a Rusli,Hanif =245 ##$$a Zizou! kucing Putih dari Tim Les blues, Penyusun;hanif Rusli =260 ##$$a 2007 $b Jakarta =300 ##$$a xii,189 hlm., ilus., 19 cm =650 ##$$a Zidane,Zinedine, 1972 =850 ##$$a NBPNMAT =990 ##$$a 92799/BPAP-NTB/2014 =990 ##$$a 0001/BPAP-NTB/20142014